| 000 | 01352nam a22001457a 4500 | ||
|---|---|---|---|
| 999 |
_c530419 _d530419 |
||
| 008 | 250613b ||||| |||| 00| 0 eng d | ||
| 100 |
_aSaleem, Imran, Arafat, Mohd. Yasir and Saleem, Anjila _954344 |
||
| 245 | _aWomen entrepreneurs and changing social structure of KSA | ||
| 260 | _aVikalpa: The Journal for Decision Makers | ||
| 300 | _a50(1), Jan-Mar, 2025: p.51-68 | ||
| 520 | _aThis study investigates factors that encourage and discourage women entrepreneurship in Saudi Arabia. The research uses the Adult Population Survey (APS) and analysed data collected from 1,305 women. Findings show that perceived capability, opportunity perception, risk perception, social network and informal investment significantly influence women’s propensity to entrepreneurship. However, the entrepreneurial propensity of women who have financed others’ businesses is negative. This study highlights the need for entrepreneurship researchers to examine factors that mobilize and inhibit entrepreneurial initiatives among women and study cognitive and social capital variables in an integrated framework.- Reproduced https://journals.sagepub.com/doi/full/10.1177/02560909241304635 | ||
| 650 |
_aPerception, Social capital, Entrepreneurship, Developing economy, Saudi Arabia _954345 |
||
| 773 | _0Vikalpa: The Journal for Decision Makers | ||
| 942 | _cAR | ||